Living an era. 2V (Record no. 141240)

MARC details
000 -LEADER
fixed length control field 00312nam a2200133Ia 4500
008 - FIXED-LENGTH DATA ELEMENTS--GENERAL INFORMATION
fixed length control field 230917s9999||||xx |||||||||||||| ||und||
040 ## - CATALOGING SOURCE
-- 49707
Original cataloging agency VIVEKANANDA LIBRARY
041 ## - Language
-- English
082 ## - DDC NUMBER
Classification number 320.954 M687L
100 ## - MAIN ENTRY--PERSONAL NAME
Personal name Mishra, D P
245 #0 - TITLE STATEMENT
Title Living an era. 2V
260 ## - PUBLICATION, DISTRIBUTION, ETC. (IMPRINT)
Place of publication, distribution, etc New Delhi
Name of publisher, distributor, etc Vikas
Date of publication, distribution, etc 1978
942 ## - ADDED ENTRY ELEMENTS (KOHA)
Koha item type Books
Holdings
Withdrawn status Lost status Damaged status Not for loan Location (home branch) Sublocation or collection (holding branch) Date acquired Koha issues (times borrowed) Koha full call number Accession No. Koha date last seen Koha item type Source of classification or shelving scheme
        VIVEKANANDA LIBRARY VIVEKANANDA LIBRARY 09/12/2002   320.954 M687L 24656 17/09/2023 Books  
        VIVEKANANDA LIBRARY VIVEKANANDA LIBRARY 09/12/2002   320.954 M687L 40549 17/09/2023 Books  
Withdrawn   Damaged   VIVEKANANDA LIBRARY VIVEKANANDA LIBRARY 09/12/2002   320.954 M687L 45059 17/09/2023 Books Dewey Decimal Classification
© Designed and Maintained by Vivekananda Library, MDU Rohtak